000 00225nam a2200109Ia 4500
005 20260328101453.0
008 260328s9999||||xx |||||||||||||| ||und||
245 0 _aDi Alessi /
260 _b----
300 _a99 p.
942 _cBK
999 _c8756
_d8756